Clinical Evaluation of the Maximum Bite force in single implant supported prosthesis versus natural dentition (Record no. 23740)

MARC details
000 -LEADER
fixed length control field 00510nam a22001457a 4500
003 - CONTROL NUMBER IDENTIFIER
control field SGT
082 ## - DEWEY DECIMAL CLASSIFICATION NUMBER
Classification number 617.645
Item number C23J
100 ## - MAIN ENTRY--PERSONAL NAME
Personal name Jyotsana
245 ## - TITLE STATEMENT
Title Clinical Evaluation of the Maximum Bite force in single implant supported prosthesis versus natural dentition
Remainder of title A Split mouth study
260 ## - PUBLICATION, DISTRIBUTION, ETC. (IMPRINT)
Place of publication, distribution, etc Gurugram, Haryana
Name of publisher, distributor, etc SGT University
Year of Publication 2023
300 ## - PAGE DESCRIPTION
No. of Pages 61
650 ## - SUBJECT ADDED ENTRY--TOPICAL TERM
Topical term or geographic name as entry element Prosthodontics, Crown & Bridge and Oral Implantology
653 ## - KEYWORDS--INDEX TERM
Keyword term Prosthodontics, Crown & Bridge and Oral Implantology
942 ## - ADDED ENTRY ELEMENTS (KOHA)
Source of classification or shelving scheme Dewey Decimal Classification
Koha item type Thesis/Dissertation
Holdings
Withdrawn status Lost status Source of classification or shelving scheme Damaged status Use restrictions Not for loan Home library Current library Date acquired SGTU Total Checkouts Full call number Accession No. (Barcode) Date last seen Bill Date Koha item type
    Dewey Decimal Classification   Restricted Access Not For Loan SGT Dental Library SGT Dental Library 28/01/2023 SGTU   617.645 C23J DT1487 28/01/2023 28/01/2023 Thesis/Dissertation